Eleanor Heydt

N/A


Categories

Fine Arts - Painting1500656279.1700
Literature - American2300604872.8000
History - Cross, Historiography, and Miscellaneous2300601680.8001
RMP - Philosophy1300455693.0011
Fine Arts - Music0400405482.7500
Literature - European0400407188.2500
Fine Arts - Opera2000305470.5000
Literature - British2000308081.0000
RMP - Greco-Roman Mythology1100256297.0000
Social Science - Linguistics0200205792.0000
Fine Arts - Miscellaneous020020109111.0000
History - American0200209094.5000
History - European0200207093.5000
History - World0200207377.5000
Literature - World and Miscellaneous0200208299.5000
Other - Other Academic and General Knowledge1000155656.0001
RMP - World Mythology0100107777.0000
RMP - Christian Practice010010105105.0000
Science - Physics0100108080.0000
Geography - Europe010010112112.0000
RMP - Other Religion010010107107.0000
Geography - United States000000.0000
Geography - World000000.0000
Current Events - World000000.0000
RMP - Buddhism000000.0000
Fine Arts - Architecture000000.0000
Science - Biology000000.0000
Social Science - Economics000000.0000

Buzzes

History - Cross, Historiography, and Miscellaneouswheat2016
Fine Arts - OperaFloria Tosca017
Science - Biologylichens023
Literature - BritishQueen Mab037
Fine Arts - PaintingThe Third of May, 1808040
RMP - World Mythologybows045
Literature - AmericanLangston Hughes2048
History - Cross, Historiography, and Miscellaneouschildren2051
Fine Arts - Musicvioloncello1054
Fine Arts - OperaPhilip Glass2054